| 000 | 00578nam a2200217Ia 4500 | ||
|---|---|---|---|
| 003 | OSt | ||
| 005 | 20230531115041.0 | ||
| 008 | 210423s1989 xx 000 0 und d | ||
| 040 | _cAL | ||
| 041 | _aeng | ||
| 082 |
_a305.8 _223 _bPHAE |
||
| 100 |
_aPHADNIS (Urmila) _9117825 |
||
| 245 | _aEthnicity and nation building in South Asia | ||
| 260 |
_aND _bSage Publications _c1989 |
||
| 300 |
_a328 _bHB |
||
| 365 |
_b395 _cINR |
||
| 650 |
_aSocial Groups _9117826 |
||
| 650 |
_aSociology _9117827 |
||
| 906 | _aAsia ; building ; Ethnicity ; nation ; South | ||
| 942 |
_2ddc _cBK |
||
| 999 |
_c174613 _d174613 |
||